00000000cam 2200000zi 4500
0019.961613
003CaOODSP
00520260512152741
006m     o  d f      
007cr cn|||||||||
008260402t20262026onc     o    f000 0 eng d
020 |a9780660993836
040 |aCaOODSP|beng|erda|cCaOODSP
043 |an-cn---
0861 |aIu71-4/89-2026E-PDF
24500|aIP roadmap : |byour path through a trademark expungement (section 45) proceeding.
264 1|a[Ottawa] : |bCanadian Intellectual Property Office = Office de la propriété intellectuelle du Canada, |c[2026]
264 4|c©2026
300 |a1 online resource (1 unnumbered page)
336 |atext|btxt|2rdacontent
337 |acomputer|bc|2rdamedia
338 |aonline resource|bcr|2rdacarrier
500 |aIssued also in French under title: Feuille de route de la PI : la marche à suivre pour procéder à la radiation d’une marque de commerce (article 45).
650 0|aTrademarks|xLaw and legislation|zCanada.
7102 |aCanadian Intellectual Property Office, |eissuing body.
77508|tFeuille de route de la PI : |w(CaOODSP)9.961615
7760#|tIP roadmap : |w(CaOODSP)9.961616
795 |tIP roadmap : |w(CaOODSP)9.893376
85640|qPDF|s294 KB|uhttps://publications.gc.ca/collections/collection_2026/opic-cipo/Iu71-4-89-2026-eng.pdf
8564 |qHTML|sN/A|uhttps://ised-isde.canada.ca/site/canadian-intellectual-property-office/en/ip-roadmap-your-path-through-trademark-expungement-section-45-proceeding